000 00385nam a22001577a 4500
003 CEME
005 20210628205315.0
008 210309b xxu||||| |||| 00| 0 eng d
040 _c.
082 _a954.91 JAL'S
100 _aJalalzai, Musa Kha
_974869
245 _aThe sunni shia conflict in pakistan
260 _aLAHORE
_bBOOK TRADERS
_c1998
300 _a400P
942 _cBK
_2ddc
999 _c580372
_d580372